MARC

LEADER 00000nam0a2200000 4500
001 134414
005 20231031135655.0
020 |a RU  |b 82-69885 
035 |a (RuTPU)RU\TPU\book\145702 
090 |a 134414 
100 |a 20080329d1982 k a0rusy5003 ca 
101 0 |a rus 
102 |a RU 
105 |a a z 001zy 
200 1 |a Декомпрессия пород коры и верхней мантии как механизм образования магм  |f А. А. Кадик, М. Я. Френкель  |g АН СССР, Институт геохимии и аналитической химии 
210 |a Москва  |c Наука  |d 1982 
215 |a 120 с.  |c ил.  |d 21 см 
320 |a Библиогр.: с. 111-118. 
610 1 |a магма 
610 1 |a происхождение 
610 1 |a земная кора 
610 1 |a горные породы 
610 1 |a декомпрессия 
610 1 |a верхняя мантия 
610 1 |a магмообразование 
610 1 |a силикаты 
610 1 |a плавление 
610 1 |a температурный режим 
610 1 |a термодинамика 
610 1 |a динамика 
610 1 |a адиабатическая декомпрессия 
610 1 |a летучие компаненты 
675 |a 552.3  |z rus 
700 1 |a Кадик  |b А. А.  |f Арнольд Арнольдович  |4 070 
701 1 |a Френкель  |b М. Я.  |g Михаил Яковлевич  |4 070 
712 0 2 |a Академия наук СССР (АН СССР)  |b Институт геохимии и аналитической химии (ГЕОХИ)  |c (Москва)  |2 stltpush  |3 (RuTPU)RU\TPU\col\11383 
801 0 |a RU  |b RuMRKP  |c 19950704  |g psbo 
801 1 |a RU  |b 63413507  |c 20080329  |g PSBO 
801 2 |a RU  |b 63413507  |c 20100517  |g PSBO 
942 |c BK